Statistiques concernant Pays visitant le Kosovo le plus

Cliquez ici pour prendre le quiz!

Statistiques générales

  • Ce quiz a été pris 183 fois
  • Le résultat moyen est 7 sur 10

Statistiques - réponses

VisiteursPays% Correct
301France
94%
2,750Allemagne
87%
1,938Italie
80%
1,628États-Unis
74%
37Gréce
69%
871Croatie
67%
1,251Royaume-Uni
65%
500Autriche
47%
43 Belgique
46%
278Pays-Bas
36%

Distribution des résultats

Percentile par nombre de réponses

% des personnes avec chaque résultat

Votre développement - résultats

Vous n’avez pas pris ce quiz